00482nam a22001457a 4500003000400000005001700004008004100021040000700062082001100069100001900080245008000099942001800179999001700197952012200214OSt20220114161035.0220114b |||||||| |||| 00| 0 eng d cHU a620.01 aGordijn928089 aValue Based Requirements Engineering Exploring Innovative E- Commerce Ideas 2ddccBOOKSn0 c27170d27170 00102ddc4070a006b006cGENd2022-01-14l0o620.01/GOR2002pIOTL0005528r2022-01-14 00:00:00t1w2022-01-14yBOOKS